[Event "Verbandseinzel Muensterland 2006"]
[Site "Muenster"]
[Date "2006.04.14"]
[Round "1"]
[White "Rapatinski, Konstantin"]
[Black "Meyer, Ulrich"]
[Result "1-0"]
[WhiteElo "2194"]
[BlackElo "2173"]
[PlyCount "65"]
[EventDate "2006.04.14"]

1. Nf3 Nf6 2. c4 c5 3. g3 Nc6 4. Bg2 e5 5. Nc3 d6 6. O-O Be7 7. e3 Bf5 8. d4
O-O 9. d5 Nb4 10. Ne1 Qd7 11. e4 Bg4 12. f3 Bh5 13. a3 Na6 14. Nd3 Nc7 15. a4
b6 16. Qe1 Nfe8 17. f4 f6 18. b4 cxb4 19. Nxb4 a5 20. Nc6 Na6 21. Rb1 Bd8 22.
Be3 Nc5 23. Bxc5 bxc5 24. Rf2 exf4 25. gxf4 Nc7 26. Rb7 Qc8 27. Rfb2 Na6 28.
Qg3 Qg4 29. Bh3 Qxg3+ 30. hxg3 Nb4 31. Nb5 g5 32. Be6+ Bf7 33. Rxf7 1-0
1-0

[Event "Verbandseinzel Muensterland 2006"]
[Site "Muenster"]
[Date "2006.04.14"]
[Round "1"]
[White "Rueberg, Jobst"]
[Black "Kipp, Lucas"]
[Result "1/2-1/2"]
[WhiteElo "2242"]
[BlackElo "2009"]
[PlyCount "120"]


1. e4 e6 2. d4 d5 3. e5 c5 4. c3 Nc6 5. Be3 Qb6 6. Qd2 Bd7 7. Nf3 Rc8 8. dxc5
Bxc5 9. Bxc5 Qxc5 10. Bd3 Nge7 11. O-O Ng6 12. Qg5 Qe7 13. Qg3 O-O 14. Nbd2 f5
15. Rfe1 a6 16. h4 Rfd8 17. Nb3 Be8 18. Rad1 Nh8 19. Nbd4 Bh5 20. Be2 Ng6 21.
Nxe6 Rd7 22. Nf4 Nxf4 23. Qxf4 Re8 24. Nd4 Bxe2 25. Rxe2 g6 26. Rde1 Nxd4 27.
Qxd4 Qe6 28. Rd2 Rc8 29. b3 b5 30. Re3 a5 31. Red3 a4 32. f4 Qe7 33. Rh3 axb3
34. axb3 Rc5 35. h5 Rc6 36. Rdd3 Qa3 37. Kh2 Qxb3 38. Rdg3 Qc4 39. hxg6 Rxg6
40. e6 Qxd4 41. cxd4 Re7 42. Rh5 Rexe6 43. Rxf5 Rxg3 44. Kxg3 b4 45. Rxd5 Rb6
46. Rc5 b3 47. Rc1 b2 48. Rb1 Kf7 49. Kf3 h5 50. Ke4 Ke6 51. Kd3 Kd5 52. f5 h4
53. f6 Ke6 54. Kc3 Rc6+ 55. Kxb2 Kxf6 56. Rd1 Ke7 57. Kb3 Kd6 58. Rh1 Kd5 59.
Rxh4 Rg6 60. Kc3 Rg3+ 1/2-1/2

[Event "Verbandseinzel Muensterland 2006"]
[Site "Muenster"]
[Date "2006.04.14"]
[Round "1"]
[White "Hinze, Dennis"]
[Black "Koch, Alexander"]
[Result "1/2-1/2"]
[WhiteElo "1700"]
[BlackElo "2111"]
[PlyCount "37"]

1. Nf3 Nf6 2. g3 g6 3. Bg2 Bg7 4. c3 d5 5. d4 O-O 6. Nbd2 Nc6 7. O-O Rb8 8. Re1
Kh8 9. b4 Bd7 10. e4 dxe4 11. Ng5 e3 12. fxe3 e5 13. Qb3 Qe7 14. b5 Ng4 15.
Nde4 Na5 16. Qa3 Qxa3 17. Bxa3 Rfe8 18. Nc5 Be6 19. d5 1/2-1/2

[Event "Verbandseinzel Muensterland 2006"]
[Site "Muenster"]
[Date "2006.04.14"]
[Round "1"]
[White "Kuempers, Ulrich"]
[Black "Wolter, Kai"]
[Result "0-1"]
[WhiteElo "2127"]
[BlackElo "2265"]
[PlyCount "80"]

1. d4 Nf6 2. c4 g6 3. Nc3 Bg7 4. e4 d6 5. f4 O-O 6. Nf3 c5 7. d5 e6 8. Be2 exd5
9. cxd5 Bg4 10. O-O Nbd7 11. Re1 Re8 12. h3 Bxf3 13. Bxf3 Qa5 14. a4 a6 15. Be3
Qb4 16. Qd2 c4 17. Qf2 Rac8 18. a5 Nc5 19. Bxc5 Qxc5 20. Qxc5 Rxc5 21. e5 dxe5
22. fxe5 Nd7 23. e6 Ne5 24. exf7+ Kxf7 25. Be4 Nd3 26. Rf1+ Kg8 27. d6 Bxc3 28.
bxc3 Rxe4 29. Rab1 Rd5 30. Rxb7 Rf4 31. Rxf4 Nxf4 32. Rb6 Kf7 33. Rxa6 Ke6 34.
Ra8 Kxd6 35. a6 Ra5 36. a7 Ne6 37. Rc8 Rxa7 38. Rxc4 Rc7 39. Rh4 Kd5 40. c4+
Kc5 0-1

[Event "Verbandseinzel Muensterland 2006"]
[Site "Muenster"]
[Date "2006.04.14"]
[Round "2"]
[White "Meyer, Ulrich"]
[Black "Wolter, Kai"]
[Result "0-1"]
[WhiteElo "2173"]
[BlackElo "2265"]
[PlyCount "70"]

1. f4 g6 2. Nf3 Bg7 3. e4 c5 4. Bc4 e6 5. O-O Ne7 6. Nc3 d5 7. exd5 exd5 8.
Bb5+ Nbc6 9. d4 cxd4 10. Nxd4 O-O 11. Nxc6 bxc6 12. Be2 Nf5 13. Na4 Re8 14. c3
Qa5 15. b4 Qc7 16. Rb1 Nd6 17. Bd3 a5 18. Qc2 axb4 19. cxb4 Ne4 20. Be3 Bf5 21.
b5 d4 22. b6 Qb7 23. Bc1 Rxa4 24. Re1 Ra6 25. Bxa6 Qxa6 26. g4 d3 27. Qxc6 Rc8
28. Qd5 Nc3 29. Qb3 Nxb1 30. b7 Bd4+ 31. Kg2 Qc6+ 32. Kg3 Rb8 33. gxf5 d2 34.
Re7 Qf6 35. Rc7 dxc1=Q 0-1

[Event "Verbandseinzel Muensterland 2006"]
[Site "Muenster"]
[Date "2006.04.14"]
[Round "2"]
[White "Koch, Alexander"]
[Black "Kuempers, Ulrich"]
[Result "1-0"]
[WhiteElo "2111"]
[BlackElo "2127"]
[PlyCount "73"]


1. e4 c6 2. c4 e5 3. Nc3 Bc5 4. Nf3 d6 5. Be2 Bg4 6. O-O Nd7 7. a3 a5 8. Rb1
Ngf6 9. d3 O-O 10. b4 axb4 11. axb4 Bxf3 12. Bxf3 Bd4 13. Ne2 Bb6 14. Ng3 Re8
15. Qc2 Nf8 16. c5 Bc7 17. Be3 Qd7 18. Rfc1 Rad8 19. d4 exd4 20. Bxd4 Qe6 21.
Nf5 Ng6 22. g3 Ne5 23. Bg2 d5 24. exd5 cxd5 25. f4 Nc4 26. Qd3 b5 27. Bf3 g6
28. Nh6+ Kf8 29. Qc3 Ne4 30. Bxe4 dxe4 31. Re1 f5 32. c6 Rd5 33. Bc5+ Rxc5 34.
bxc5 Qxc6 35. Rbd1 Qxc5+ 36. Kh1 Bd6 37. Qf6# 1-0

[Event "Verbandseinzel Muensterland 2006"]
[Site "Muenster"]
[Date "2006.04.14"]
[Round "2"]
[White "Kipp, Lucas"]
[Black "Hinze, Dennis"]
[Result "1-0"]
[WhiteElo "2009"]
[BlackElo "1700"]
[PlyCount "76"]

1. d4 Nf6 2. c4 g6 3. Nc3 Bg7 4. e4 d6 5. Nf3 O-O 6. Be2 c5 7. O-O Nbd7 8. h3
cxd4 9. Nxd4 Nc5 10. f3 Nh5 11. Be3 e5 12. Ndb5 Qh4 13. Qe1 Ng3 14. Bf2 Nxe2+
15. Qxe2 Qg5 16. Be3 Qg3 17. Nxd6 Ne6 18. Qf2 Qxf2+ 19. Rxf2 Nf4 20. Nd5 Be6
21. Nxb7 Rab8 22. Nc5 Bxd5 23. exd5 Rfc8 24. Rd1 Bf8 25. Nd7 Rb7 26. Nxf8 Kxf8
27. Rc2 Rd7 28. Rdd2 a5 29. b3 Ke7 30. a3 Nh5 31. Kf2 Ng7 32. b4 axb4 33. axb4
Nf5 34. c5 Nxe3 35. Kxe3 f5 36. b5 Ra7 37. b6 Ra3+ 38. Rd3 Kd7 1-0

[Event "Verbandseinzel Muensterland 2006"]
[Site "Muenster"]
[Date "2006.04.14"]
[Round "2"]
[White "Rapatinski, Konstantin"]
[Black "Rueberg, Jobst"]
[Result "1/2-1/2"]
[WhiteElo "2194"]
[BlackElo "2242"]
[PlyCount "48"]

1. Nf3 Nf6 2. c4 e6 3. g3 b6 4. Bg2 Bb7 5. O-O Be7 6. Nc3 O-O 7. d4 Na6 8. Bf4
d6 9. d5 e5 10. Bd2 Qd7 11. Ne1 c6 12. Nd3 cxd5 13. cxd5 Nc5 14. Nb4 e4 15. Be3
Rad8 16. Qd4 a5 17. Nc2 Qf5 18. Rad1 Rfe8 19. b4 axb4 20. Nxb4 Bf8 21. h3 Ra8
22. Qc4 Qh5 23. Bd4 Nfd7 24. Rd2 Rec8 1/2-1/2

[Event "Verbandseinzel Muensterland 2006"]
[Site "Muenster"]
[Date "2006.04.15"]
[Round "3"]
[White "Rueberg, Jobst"]
[Black "Meyer, Ulrich"]
[Result "1/2-1/2"]
[WhiteElo "2242"]
[BlackElo "2173"]
[PlyCount "128"]

1. e4 c5 2. Nf3 Nf6 3. e5 Nd5 4. Nc3 e6 5. Nxd5 exd5 6. d4 Nc6 7. dxc5 Bxc5 8.
Bd3 d6 9. exd6 Qxd6 10. O-O Be6 11. Bg5 O-O 12. Qd2 Bg4 13. Bf4 Qf6 14. Ng5 Bf5
15. Bxf5 Qxf5 16. Nf3 d4 17. a3 a5 18. Ne1 Rad8 19. Nd3 Bd6 20. Bxd6 Rxd6 21.
Rfe1 h6 22. Re2 b6 23. Rae1 Re6 24. Rxe6 fxe6 25. f4 Rc8 26. Qe2 Kf7 27. h3 Qd5
28. Qg4 Qf5 29. Qf3 Kg8 30. Re2 Nd8 31. Qf2 Nc6 32. Kh2 Qd5 33. Qe1 Nd8 34. Ne5
Qd6 35. Kh1 Nc6 36. Nd3 Nd8 37. Qf2 Nc6 38. Qf3 Nd8 39. Qg4 Qd5 40. Qg6 Qf5 41.
Qe8+ Kh7 42. Qd7 Rb8 43. Qxd4 Nf7 44. Qd7 Rd8 45. Qxe6 Qxe6 46. Rxe6 Rd6 47.
Rxd6 Nxd6 48. Kg1 Kg6 49. Kf2 Kf5 50. Kf3 Ke6 51. g4 Kd5 52. f5 Kd4 53. Kf4 Ne4
54. h4 Nf6 55. g5 Nd5+ 56. Kf3 hxg5 57. hxg5 Nc7 58. Kf4 Nd5+ 59. Kf3 Nc7 60.
f6 gxf6 61. gxf6 Ne6 62. f7 a4 63. Nf4 Ng5+ 64. Kg4 Nxf7 1/2-1/2

[Event "Verbandseinzel Muensterland 2006"]
[Site "Muenster"]
[Date "2006.04.15"]
[Round "3"]
[White "Hinze, Dennis"]
[Black "Rapatinski, Konstantin"]
[Result "0-1"]
[WhiteElo "1700"]
[BlackElo "2194"]
[PlyCount "56"]

1. c4 Nf6 2. Nc3 c5 3. e4 Nc6 4. d3 e6 5. f4 d5 6. cxd5 exd5 7. e5 Ng8 8. Nf3
Nge7 9. h3 Nf5 10. g4 Nfd4 11. Bg2 h5 12. g5 Be6 13. Ne2 Nxf3+ 14. Bxf3 Qd7 15.
Nc3 Bxh3 16. Bxd5 Nb4 17. Qa4 Qxa4 18. Nxa4 Bd7 19. Bb3 b5 20. Nc3 Nxd3+ 21.
Ke2 c4 22. Bc2 Bc6 23. Rh3 h4 24. Bxd3 cxd3+ 25. Kxd3 Rd8+ 26. Ke2 b4 27. Nd1
Bd7 28. Rh2 Bg4+ 0-1

[Event "Verbandseinzel Muensterland 2006"]
[Site "Muenster"]
[Date "2006.04.15"]
[Round "3"]
[White "Kuempers, Ulrich"]
[Black "Kipp, Lucas"]
[Result "1-0"]
[WhiteElo "2127"]
[BlackElo "2009"]
[PlyCount "65"]


1. d4 d5 2. c4 e6 3. Nc3 c5 4. cxd5 cxd4 5. Qxd4 Nc6 6. Qd1 exd5 7. Qxd5 Bd7 8.
e3 Nf6 9. Qd1 Bc5 10. Nf3 Qe7 11. Be2 O-O-O 12. O-O g5 13. b4 Bb6 14. b5 Ne5
15. Nd4 g4 16. a4 Bc5 17. Qc2 Kb8 18. Bb2 Rhg8 19. Kh1 Rg5 20. Rac1 Qf8 21. Nd5
Nxd5 22. Qxc5 Qh6 23. Qxd5 Rh5 24. g3 Re8 25. Qg2 Qg6 26. Rfd1 Bc8 27. Kg1 Qb6
28. Ba3 Rh6 29. Qd5 Ka8 30. Qxe5 Be6 31. Nxe6 Rexe6 32. Qc5 Qxc5 33. Bxc5 1-0

[Event "Verbandseinzel Muensterland 2006"]
[Site "Muenster"]
[Date "2006.04.15"]
[Round "3"]
[White "Wolter, Kai"]
[Black "Koch, Alexander"]
[Result "0-1"]
[WhiteElo "2265"]
[BlackElo "2111"]
[PlyCount "116"]

1. e4 e5 2. Nf3 Nc6 3. Bc4 Bc5 4. c3 Nf6 5. d3 d6 6. O-O O-O 7. Bb3 Bb6 8. Nbd2
Ne7 9. Nc4 Ng6 10. h3 Qe7 11. Re1 Be6 12. Nxb6 axb6 13. a3 h6 14. Bc2 Nh7 15.
d4 Rad8 16. Qe2 Ng5 17. Nxg5 hxg5 18. Qh5 Nf4 19. Bxf4 exf4 20. e5 g6 21. exd6
Rxd6 22. Qf3 Qd7 23. Re5 f6 24. Ree1 Kg7 25. Qe4 Bf7 26. Qe7 Qc8 27. Bb3 Rd7
28. Qb4 f3 29. Bxf7 Rdxf7 30. Re3 fxg2 31. Kxg2 g4 32. d5 gxh3+ 33. Rxh3 Qf5
34. Qd4 Re8 35. Rah1 Re4 36. Qd2 Rg4+ 37. Rg3 g5 38. Rhh3 Rd7 39. Rxg4 Qxg4+
40. Rg3 Qe4+ 41. f3 Qxd5 42. Qxd5 Rxd5 43. f4 Kg6 44. Kf1 Rf5 45. Ke2 Rxf4 46.
Rd3 Re4+ 47. Kf3 Re7 48. Rd8 Kf5 49. Rd4 c6 50. a4 g4+ 51. Kg3 Re3+ 52. Kf2 Re4
53. Rd7 Kf4 54. Rxb7 g3+ 55. Kf1 Kf3 56. Rg7 Rxa4 57. Ke1 g2 58. Kd2 Rg4 0-1

[Event "Verbandseinzel Muensterland 2006"]
[Site "Muenster"]
[Date "2006.04.15"]
[Round "4"]
[White "Meyer, Ulrich"]
[Black "Koch, Alexander"]
[Result "0-1"]
[WhiteElo "2173"]
[BlackElo "2111"]
[PlyCount "78"]

1. f4 d5 2. Nf3 Nf6 3. b3 c5 4. e3 g6 5. Bb2 Bg7 6. Bb5+ Bd7 7. Qe2 O-O 8. Bxd7
Nbxd7 9. d3 Rc8 10. Nbd2 d4 11. e4 Ng4 12. h3 Ne3 13. Nf1 Qa5+ 14. Kf2 e5 15.
Nxe3 dxe3+ 16. Qxe3 exf4 17. Qc1 Bxb2 18. Qxb2 Qb6 19. c4 Qd6 20. Rad1 Rfe8 21.
Rhe1 Ne5 22. d4 Nxf3 23. gxf3 Qf6 24. Kf1 Rcd8 25. e5 Qf5 26. d5 Qxh3+ 27. Qg2
Qh5 28. Qg4 Rxe5 29. Qxh5 Rxh5 30. Re7 Rh1+ 31. Ke2 Rh2+ 32. Kd3 Rxa2 33. Rxb7
Re8 34. Kc3 Re3+ 35. Rd3 Ree2 36. Rd1 Rf2 37. Rc7 Rxf3+ 38. Rd3 Rxd3+ 39. Kxd3
f3 0-1

[Event "Verbandseinzel Muensterland 2006"]
[Site "Muenster"]
[Date "2006.04.15"]
[Round "4"]
[White "Kipp, Lucas"]
[Black "Wolter, Kai"]
[Result "0-1"]
[WhiteElo "2009"]
[BlackElo "2265"]
[PlyCount "98"]

1. d4 Nf6 2. Nf3 g6 3. e3 Bg7 4. Bd3 O-O 5. Nbd2 d6 6. O-O Nbd7 7. e4 e5 8. c3
c6 9. Re1 Re8 10. Nf1 Qc7 11. Bg5 h6 12. Bh4 Nh5 13. Bg3 Nf8 14. Qa4 b5 15. Qc2
a6 16. a4 Rb8 17. axb5 axb5 18. Rac1 Nxg3 19. hxg3 h5 20. Ne3 Nh7 21. b4 Nf6
22. c4 exd4 23. Nxd4 Ng4 24. Nxg4 Bxg4 25. Nf3 Qe7 26. cxb5 cxb5 27. Qe2 Qb7
28. Qa2 Be6 29. Qa5 Rec8 30. Ng5 Bc4 31. Bxc4 bxc4 32. Rcd1 c3 33. Qa2 Qe7 34.
f4 Rxb4 35. Qa6 Rd8 36. Qa5 Rbb8 37. e5 dxe5 38. Qxc3 Rxd1 39. Rxd1 exf4 40.
Qa5 fxg3 41. Rf1 Rc8 42. Qd5 Qc5+ 43. Qxc5 Rxc5 44. Nxf7 Rd5 45. Kh1 Bf6 46.
Nh6+ Kg7 47. Kg1 Bd4+ 48. Kh1 Kxh6 49. Rf3 Be5 0-1

[Event "Verbandseinzel Muensterland 2006"]
[Site "Muenster"]
[Date "2006.04.15"]
[Round "4"]
[White "Rapatinski, Konstantin"]
[Black "Kuempers, Ulrich"]
[Result "1-0"]
[WhiteElo "2194"]
[BlackElo "2127"]
[PlyCount "109"]


1. Nf3 Nf6 2. g3 g6 3. b3 Bg7 4. Bb2 O-O 5. Bg2 d5 6. c4 dxc4 7. bxc4 c5 8. O-O
Nc6 9. d3 Bd7 10. Nc3 Rc8 11. Rb1 b6 12. Nb5 Ne8 13. Bxg7 Kxg7 14. Qd2 Nc7 15.
a4 f6 16. Rfd1 a5 17. Qb2 Nxb5 18. cxb5 Nb4 19. Nd2 e5 20. Nc4 Be6 21. Rd2 Qc7
22. Rf1 Rcd8 23. Ne3 Rd4 24. Rdd1 Rfd8 25. Qa3 Qd7 26. Rc1 Kg8 27. Bf3 f5 28.
Rfd1 g5 29. Re1 g4 30. Bg2 f4 31. gxf4 exf4 32. Nc2 Nxc2 33. Rxc2 f3 34. Bf1
Qg7 35. e3 R4d5 36. d4 Rh5 37. Qd3 Qh6 38. h3 gxh3 39. Qe4 h2+ 40. Kh1 Bf5 41.
Qe7 Qg5 42. Qxg5+ Rxg5 43. e4 Bc8 44. dxc5 bxc5 45. Rec1 Bb7 46. Bh3 Bxe4 47.
Rxc5 Rg6 48. Rc8 Rxc8 49. Rxc8+ Kg7 50. Rc4 Ba8 51. Rg4 Kf6 52. Rxg6+ hxg6 53.
Bc8 g5 54. b6 g4 55. Kxh2 1-0

[Event "Verbandseinzel Muensterland 2006"]
[Site "Muenster"]
[Date "2006.04.15"]
[Round "4"]
[White "Rueberg, Jobst"]
[Black "Hinze, Dennis"]
[Result "1-0"]
[WhiteElo "2242"]
[BlackElo "1700"]
[PlyCount "33"]

1. e4 e5 2. Nf3 d6 3. d4 exd4 4. Nxd4 Nf6 5. Nc3 Be6 6. Be2 Nbd7 7. O-O d5 8.
Nxe6 fxe6 9. exd5 exd5 10. Nxd5 c6 11. Re1 Kf7 12. Bc4 cxd5 13. Bxd5+ Nxd5 14.
Qxd5+ Kg6 15. Qe4+ Kh5 16. Qf3+ Kg6 17. Qg4+ 1-0

[Event "Verbandseinzel Muensterland 2006"]
[Site "Muenster"]
[Date "2006.04.16"]
[Round "5"]
[White "Hinze, Dennis"]
[Black "Meyer, Ulrich"]
[Result "0-1"]
[WhiteElo "1700"]
[BlackElo "2173"]
[PlyCount "104"]

1. c4 e5 2. Nc3 Nc6 3. g3 g6 4. Bg2 Bg7 5. d3 d6 6. a3 Be6 7. Bd2 Qd7 8. e3 f5
9. b4 Nf6 10. b5 Nd8 11. e4 O-O 12. exf5 Bxf5 13. Nd5 Bxd3 14. Nxf6+ Rxf6 15.
Bd5+ Kh8 16. Bg5 e4 17. Bxf6 Bxf6 18. f3 Bc3+ 19. Kf2 Qg7 20. Ne2 Bxa1 21. Qxa1
Qxa1 22. Rxa1 exf3 23. Nd4 c6 24. bxc6 bxc6 25. Bxf3 Bxc4 26. Re1 Rb8 27. Bxc6
Nxc6 28. Nxc6 Rb2+ 29. Kg1 a6 30. Rd1 d5 31. Nb4 Rb3 32. Nxd5 Rxa3 33. Rd2 Rd3
34. Rxd3 Bxd3 35. Nb4 Bc4 36. Nc6 Kg7 37. Kf2 Kf6 38. Ke3 Bb5 39. Na5 Ke5 40.
h4 h5 41. Nb7 Kf5 42. Na5 Kg4 43. Kf2 Bd7 44. Nc4 Be6 45. Ne3+ Kh3 46. Ng2 Bf7
47. Ne3 a5 48. Kf3 Bb3 49. Nf1 a4 50. Nd2 Bd1+ 51. Kf4 a3 52. Kg5 a2 0-1

[Event "Verbandseinzel Muensterland 2006"]
[Site "Muenster"]
[Date "2006.04.16"]
[Round "5"]
[White "Kuempers, Ulrich"]
[Black "Rueberg, Jobst"]
[Result "1/2-1/2"]
[WhiteElo "2127"]
[BlackElo "2242"]
[PlyCount "115"]

1. d4 Nf6 2. c4 e6 3. Nf3 b6 4. g3 Ba6 5. b3 Bb7 6. Bg2 Bb4+ 7. Bd2 a5 8. O-O
O-O 9. Bf4 a4 10. a3 axb3 11. Qxb3 Be7 12. Nc3 Nc6 13. Nb5 Na5 14. Qc2 Be4 15.
Qc3 d6 16. a4 Qd7 17. Rfd1 Rfc8 18. Bh3 Bxf3 19. exf3 d5 20. c5 c6 21. Nd6 Bxd6
22. Bxd6 Nc4 23. Bf4 bxc5 24. dxc5 Qe7 25. Bg5 Ra5 26. Bxf6 Qxf6 27. Qxf6 gxf6
28. Bf1 Rca8 29. Bxc4 dxc4 30. Rdc1 Rxc5 31. a5 Raxa5 32. Rxa5 Rxa5 33. Rxc4 c5
34. Kf1 f5 35. Ke2 Kg7 36. Kd3 Kg6 37. Rc2 Ra3+ 38. Ke2 Ra5 39. Kd3 f6 40. Kc4
e5 41. Kd5 Ra3 42. Kxc5 Rxf3 43. Kd5 e4 44. Ke6 Ra3 45. Rb2 Ra6+ 46. Kd5 Kg5
47. Rb7 h5 48. Kd4 Ra3 49. Kd5 Ra2 50. Ke6 Kg6 51. Rb8 Rxf2 52. Rg8+ Kh7 53.
Kf7 h4 54. Rg7+ Kh6 55. Kxf6 Rxh2 56. Rg6+ Kh7 57. Rg7+ Kh8 58. Re7 1/2-1/2

[Event "Verbandseinzel Muensterland 2006"]
[Site "Muenster"]
[Date "2006.04.16"]
[Round "5"]
[White "Wolter, Kai"]
[Black "Rapatinski, Konstantin"]
[Result "1/2-1/2"]
[WhiteElo "2265"]
[BlackElo "2194"]
[PlyCount "62"]

1. e4 c5 2. Nf3 e6 3. d4 cxd4 4. Nxd4 Nc6 5. Nc3 a6 6. Nxc6 bxc6 7. e5 Qc7 8.
f4 d5 9. exd6 Bxd6 10. Ne4 Be7 11. Bd3 Nf6 12. O-O O-O 13. Qe2 Rd8 14. b3 Nxe4
15. Qxe4 f5 16. Qe2 Bf6 17. Rb1 c5 18. Bb2 Bxb2 19. Rxb2 Qc6 20. Rbb1 Bb7 21.
Rbe1 Kh8 22. Rf2 Rd6 23. Qe3 h6 24. Rfe2 Rf8 25. Bc4 Rf6 26. Rf2 Rg6 27. Bf1
Rd4 28. Qe5 Rd5 29. Qe3 Rd4 30. Qe5 Rd5 31. Qe3 Rd4 1/2-1/2

[Event "Verbandseinzel Muensterland 2006"]
[Site "Muenster"]
[Date "2006.04.16"]
[Round "5"]
[White "Koch, Alexander"]
[Black "Kipp, Lucas"]
[Result "1/2-1/2"]
[WhiteElo "2111"]
[BlackElo "2009"]
[PlyCount "78"]

1. e4 e6 2. d4 d5 3. e5 c5 4. c3 Nc6 5. Nf3 Qb6 6. Bd3 cxd4 7. cxd4 Bd7 8. O-O
Nxd4 9. Nxd4 Qxd4 10. Nc3 a6 11. a3 Ne7 12. Re1 Ng6 13. Be3 Qxe5 14. g3 Be7 15.
h4 d4 16. Bxg6 hxg6 17. Bxd4 Qh5 18. Bxg7 Qxd1 19. Raxd1 Rh7 20. Bd4 g5 21.
hxg5 Bxg5 22. f4 Be7 23. f5 O-O-O 24. f6 Bd6 25. Ne4 Bc7 26. Ng5 Ba4 27. b3
Bxb3 28. Rc1 Rh5 29. Be5 Rd7 30. Bxc7 Rxc7 31. Rxc7+ Kxc7 32. Nxf7 Rf5 33. Rf1
Rxf1+ 34. Kxf1 e5 35. Nxe5 Kd6 36. f7 Ke7 37. Ke2 Bxf7 38. Nxf7 Kxf7 39. Kd3 b5
1/2-1/2

[Event "Verbandseinzel Muensterland 2006"]
[Site "Muenster"]
[Date "2006.04.16"]
[Round "6"]
[White "Meyer, Ulrich"]
[Black "Kipp, Lucas"]
[Result "1/2-1/2"]
[WhiteElo "2173"]
[BlackElo "2009"]
[PlyCount "64"]

1. Nf3 d5 2. c4 e6 3. g3 Nf6 4. Bg2 Be7 5. b3 O-O 6. O-O c5 7. d3 Nc6 8. Re1 b6
9. Nbd2 Bb7 10. a3 Qc7 11. e3 Rfd8 12. Qe2 Rd7 13. e4 dxe4 14. dxe4 e5 15. Bh3
Rdd8 16. Bb2 Bc8 17. Bxc8 Raxc8 18. Rac1 a5 19. Nb1 Nd4 20. Nxd4 cxd4 21. Nd2
Bc5 22. Kg2 Qe7 23. Ra1 Nd7 24. Rf1 Rc6 25. Nf3 Re8 26. Ne1 Rh6 27. Bc1 Re6 28.
Nd3 Bd6 29. Qe1 Rc8 30. a4 Nc5 31. Nxc5 Bxc5 32. Ra2 Qb7 1/2-1/2

[Event "Verbandseinzel Muensterland 2006"]
[Site "Muenster"]
[Date "2006.04.16"]
[Round "6"]
[White "Rapatinski, Konstantin"]
[Black "Koch, Alexander"]
[Result "1/2-1/2"]
[WhiteElo "2194"]
[BlackElo "2111"]
[PlyCount "77"]

1. Nf3 Nf6 2. c4 g6 3. Nc3 d6 4. e4 c5 5. d4 cxd4 6. Nxd4 Bg7 7. Be2 Nc6 8. Be3
O-O 9. O-O Bd7 10. Qd2 a6 11. f3 Rc8 12. Rac1 Re8 13. Nxc6 Rxc6 14. b4 Qa8 15.
a4 Rcc8 16. a5 Be6 17. Na4 Nd7 18. f4 f5 19. exf5 Bxf5 20. Qd5+ Kf8 21. g4 Nf6
22. Qg2 Be4 23. Qh3 Rc6 24. Nb6 Qd8 25. f5 gxf5 26. g5 Nd7 27. Qxh7 e6 28. Bf3
Bxf3 29. Rxf3 Nxb6 30. axb6 Re7 31. Rcf1 Rxc4 32. Kh1 Qc8 33. g6 Rg4 34. Bh6
Ke8 35. Bxg7 Qc2 36. R1f2 Qb1+ 37. Rf1 Qc2 38. R1f2 Qb1+ 39. Rf1 1/2-1/2

[Event "Verbandseinzel Muensterland 2006"]
[Site "Muenster"]
[Date "2006.04.16"]
[Round "6"]
[White "Rueberg, Jobst"]
[Black "Wolter, Kai"]
[Result "1/2-1/2"]
[WhiteElo "2242"]
[BlackElo "2265"]
[PlyCount "51"]

1. e4 c5 2. Nf3 e6 3. c4 d6 4. Nc3 Nf6 5. d4 cxd4 6. Nxd4 Be7 7. Be2 O-O 8. O-O
a6 9. Be3 Qc7 10. Rc1 b6 11. f4 Bb7 12. Bf3 Nbd7 13. f5 e5 14. Nde2 Rac8 15. g4
h6 16. Nd5 Nxd5 17. cxd5 Qd8 18. Qd2 Rxc1 19. Rxc1 a5 20. Kg2 Nc5 21. Nc3 Ba6
22. Be2 Bxe2 23. Qxe2 Bg5 24. Re1 Bxe3 25. Qxe3 Qg5 26. Qxg5 1/2-1/2

[Event "Verbandseinzel Muensterland 2006"]
[Site "Muenster"]
[Date "2006.04.16"]
[Round "6"]
[White "Hinze, Dennis"]
[Black "Kuempers, Ulrich"]
[Result "0-1"]
[WhiteElo "1700"]
[BlackElo "2127"]
[PlyCount "110"]

1. c4 Nf6 2. Nc3 d6 3. e4 g6 4. Be2 Bg7 5. d3 e5 6. h4 h6 7. Be3 Nc6 8. h5 g5
9. f3 Nd4 10. Bxd4 exd4 11. Nb5 a6 12. Na3 Nd7 13. g4 Be5 14. Nh3 Bg3+ 15. Kf1
Qf6 16. Qd2 Nc5 17. Kg2 Qe5 18. Raf1 Ne6 19. Nc2 O-O 20. Kg1 Bh4 21. Bd1 Bd7
22. Rh2 c6 23. Rg2 Bg3 24. Ne1 Rfe8 25. Kh1 Bf4 26. Nxf4 Nxf4 27. Rh2 b5 28.
Ng2 bxc4 29. Nxf4 Qxf4 30. Qxf4 gxf4 31. dxc4 c5 32. Bc2 f6 33. Rb1 a5 34. a3
a4 35. Rd2 Reb8 36. Bd1 Rb6 37. Kg2 Be6 38. Be2 Rab8 39. Bd3 Rb3 40. Kf2 Kf7
41. Ke2 Bd7 42. Kd1 Ke6 43. Kc1 Ke5 44. Be2 Re3 45. Bd1 d3 46. b3 axb3 47. Kb2
Kd4 48. Rc1 Be6 49. Rc3 Bxc4 50. Bxb3 Bxb3 51. Rxb3 Rxb3+ 52. Kxb3 c4+ 53. Kb4
c3 54. Rg2 d2 55. Rg1 c2 0-1

[Event "Verbandseinzel Muensterland 2006"]
[Site "Muenster"]
[Date "2006.04.17"]
[Round "7"]
[White "Kuempers, Ulrich"]
[Black "Meyer, Ulrich"]
[Result "0-1"]
[WhiteElo "2127"]
[BlackElo "2173"]
[PlyCount "122"]

1. d4 Nf6 2. c4 e6 3. Nf3 c5 4. g3 cxd4 5. Nxd4 Nc6 6. Bg2 Bb4+ 7. Nc3 Qa5 8.
Nxc6 Bxc3+ 9. bxc3 bxc6 10. Qb3 d5 11. Qb4 Qxb4 12. cxb4 Ba6 13. cxd5 cxd5 14.
a4 Bc4 15. Be3 O-O 16. Bd4 Rfc8 17. Bxf6 gxf6 18. Kd2 Rab8 19. Rab1 Rc6 20. Rb2
Ra6 21. Ra1 Kf8 22. e4 dxe4 23. Bxe4 f5 24. Bf3 Rd6+ 25. Ke1 e5 26. Rc1 Rd4 27.
Rd1 Bd3 28. Be2 e4 29. Bxd3 exd3 30. Rdb1 Ke7 31. Kd2 f4 32. Kc3 Rbd8 33. Rd2
R4d7 34. b5 Rc8+ 35. Kb3 Kf6 36. Rbd1 Rcd8 37. Rc1 Ke5 38. Rc4 fxg3 39. hxg3
Rd4 40. a5 Ke4 41. Rc7 R4d7 42. Rc4+ Rd4 43. Rc7 R8d7 44. b6 axb6 45. axb6 R4d6
46. Rxd7 Rxd7 47. Kc4 f5 48. Kc5 Rg7 49. Kc6 Kd4 50. b7 Rg8 51. Rd1 Kc3 52.
Rc1+ Kb2 53. Rh1 d2 54. Kc7 Kc2 55. b8=Q Rxb8 56. Kxb8 d1=Q 57. Rxd1 Kxd1 58.
Kc7 Ke2 59. f4 Kf3 60. Kd6 Kxg3 61. Ke5 Kg4 0-1

[Event "Verbandseinzel Muensterland 2006"]
[Site "Muenster"]
[Date "2006.04.17"]
[Round "7"]
[White "Wolter, Kai"]
[Black "Hinze, Dennis"]
[Result "1-0"]
[WhiteElo "2265"]
[BlackElo "1700"]
[PlyCount "49"]

1. e4 c5 2. Nf3 Nc6 3. d4 cxd4 4. Nxd4 g6 5. c4 Bg7 6. Be3 Nf6 7. Nc3 d6 8. Be2
Bd7 9. O-O O-O 10. f3 e6 11. Qd2 a6 12. Rfd1 Ne8 13. c5 d5 14. exd5 exd5 15.
Nxd5 Nxd4 16. Bxd4 Ba4 17. Bxg7 Nxg7 18. b3 Bc6 19. Bc4 Nf5 20. Nb6 Qe7 21.
Nxa8 Qxc5+ 22. Qf2 Qxf2+ 23. Kxf2 Rxa8 24. Rac1 Kg7 25. Bd5 1-0

[Event "Verbandseinzel Muensterland 2006"]
[Site "Muenster"]
[Date "2006.04.17"]
[Round "7"]
[White "Koch, Alexander"]
[Black "Rueberg, Jobst"]
[Result "1/2-1/2"]
[WhiteElo "2111"]
[BlackElo "2242"]
[PlyCount "86"]

1. e4 c5 2. Nc3 e6 3. f4 a6 4. a4 Nc6 5. Nf3 d6 6. Bc4 Nf6 7. Qe2 Nd4 8. Nxd4
cxd4 9. Nd1 e5 10. d3 Bd7 11. O-O Be7 12. Nf2 Qc8 13. f5 Bc6 14. Ng4 h5 15.
Nxf6+ Bxf6 16. Rf3 Ke7 17. Bb3 Qd7 18. Rh3 h4 19. Qg4 Rh7 20. g3 Rah8 21. Bg5
hxg3 22. Rxh7 Rxh7 23. Qxg3 Qe8 24. Kg2 Bxg5 25. Qxg5+ f6 26. Qg4 Qh8 27. h3
Rh5 28. Kh2 g5 29. fxg6 Bd7 30. g7 Rxh3+ 31. Kg2 Bxg4 32. gxh8=Q Rxh8 33. Bd5
b6 34. a5 b5 35. Kg3 Be6 36. Bb7 Bc8 37. Bd5 Bd7 38. Rf1 Rh3+ 39. Kg2 Rh8 40.
Kg3 Be6 41. Bb7 Bc8 42. Bd5 Bd7 43. b4 Be6 1/2-1/2

[Event "Verbandseinzel Muensterland 2006"]
[Site "Muenster"]
[Date "2006.04.17"]
[Round "7"]
[White "Kipp, Lucas"]
[Black "Rapatinski, Konstantin"]
[Result "0-1"]
[WhiteElo "2009"]
[BlackElo "2194"]
[PlyCount "56"]

1. d4 Nf6 2. c4 e6 3. Nf3 Bb4+ 4. Bd2 Qe7 5. a3 Bxd2+ 6. Nbxd2 d6 7. e4 e5 8.
d5 a5 9. b4 Na6 10. Bd3 O-O 11. O-O Nh5 12. Re1 Nf4 13. Bf1 Bg4 14. Qb3 f5 15.
c5 fxe4 16. Rxe4 axb4 17. cxd6 cxd6 18. Bxa6 bxa6 19. Rxb4 Qf7 20. Rb6 Qh5 21.
Re1 Nxg2 22. Kxg2 Rxf3 23. Re3 Bh3+ 24. Kh1 Rxe3 25. Rb8+ Rxb8 26. Qxb8+ Kf7
27. Qc7+ Ke8 28. Qc6+ Bd7 0-1